|
|
|
|
| LEADER |
00679cam a2200181 7i4500 |
| 001 |
0000050243 |
| 005 |
20151222090000.0 |
| 020 |
|
|
|a 9789830423234 (pbk.)
|
| 090 |
0 |
0 |
|a BP190.5.S4
|b R66 2007
|
| 100 |
0 |
|
|a Rokiah Ahmad,
|c Dr
|
| 245 |
1 |
0 |
|a Pendidikan seks mengikut perspektif Islam
|c Dr Rokiah Ahmad.
|
| 260 |
|
|
|a Putrajaya:
|b Jabatan Kemajuan Islam Malaysia,
|c 2007.
|
| 300 |
|
|
|a viii, 66 p.;
|c 21 cm.
|
| 500 |
|
|
|a Gift: Dr Rokiah Ahmad, UKM
|
| 650 |
0 |
0 |
|a Sex --
|x Religious aspects --
|x Islam
|
| 650 |
0 |
0 |
|a Sex instruction --
|x Religious aspects --
|x Islam
|
| 999 |
|
|
|a 0000058646
|b BOK
|c OPEN SHELF
|e 1st Floor, Bestari Jaya
|
| 999 |
|
|
|a 0000058647
|b BOK
|c OPEN SHELF
|e 1st Floor, Bestari Jaya
|